| 000 | 00574nam a22001937a 4500 | ||
|---|---|---|---|
| 003 | CEME | ||
| 005 | 20210628202606.0 | ||
| 008 | 210118b xxu||||| |||| 00| 0 eng d | ||
| 020 | _a978-019-5473728 | ||
| 040 | _cceme | ||
| 082 | _a629.83 STE | ||
| 100 |
_aStefani, Raymond T. Shahian, Bahram, Savant, Clement.J, Hostetter, Gene.H _960643 |
||
| 245 | _aDESIGN OF FEEDBACK CONTROL SYSTEM | ||
| 250 | _a4TH | ||
| 260 |
_aKARACHI _bOXFORD _c2002 |
||
| 300 | _aXVI,848P | ||
| 650 |
_aFEEDBACK CONTROL SYSTEM.DESIGN OF FEEDBACK CONTROL SYSTEM _960644 |
||
| 942 |
_cBK _2ddc |
||
| 999 |
_c570325 _d570325 |
||